000 00330nam a22001457a 4500
999 _c9196
_d9196
003 OSt
008 201119b ||||| |||| 00| 0 eng d
100 _aRastogi, Deepali
245 _aTextile Science
250 _a1st
260 _aNew Delhi
_bOxford
_c2019
300 _a338
650 _aB.A Hons. Fashion
942 _2ddc
_cBK
_010